Le tour de France de Charles IX sur une carte - Statistiques

Statistiques générales
  • Ce quiz a été pris 248 fois
  • Le résultat moyen est 12 sur 48
Réponses sur la Carte
Les réponses sont colorées sur une échelle allant du rouge au vert en fonction du pourcentage des utilisateurs qui les ont devinées à leur premier essai. Vous pouvez retrouver ces pourcentages ci-dessous.
 
Statistiques - réponses
Dates Villes % Correct
24 janvier 1564 Paris
97%
31 janvier - 13 mars Fontainebleau
44%
9 juin - 9 juillet Lyon
38%
6 - 13 novembre Marseille
35%
1er avril - 3 mai Bordeaux
33%
16 - 30 décembre Montpellier
33%
22 - 27 mai Dijon
32%
2 - 4 novembre Toulon
32%
23 mars - 16 avril Troyes
32%
12 - 26 janvier Carcassonne
31%
20 - 26 avril Châlons-en-Champagne
31%
31 janvier - 19 mars Toulouse
31%
16 novembre - 7 décembre Arles
29%
15 - 17 mars 1564 | 21 - 23 avril 1566 Sens
29%
24 septembre - 16 octobre Avignon
28%
1er - 9 mai Bar-le-Duc
28%
29 mai - 12 juillet Bayonne/ Saint-Jean-de-Luz
28%
3 - 9 juin Mâcon
28%
20 - 21 mars Montauban
27%
4 - 11 janvier 1565 Narbonne
27%
12 - 14 décembre Nîmes
27%
22 août - 2 septembre Valence
27%
31 mai - 3 juin Chalon-sur-Saône
26%
23 - 27 mars Agen
25%
9 - 24 mai | 18 - 23 juillet Mont-de-Marsan
24%
19 - 24 octobre Aix-en-Provence
23%
28 - 29 mai | 14 - 17 juillet Dax
23%
28 octobre - 2 novembre Hyères
23%
13 - 18 septembre La Rochelle
22%
11 - 15 octobre Nantes
22%
13 - 18 août Angoulême
19%
15 - 17 mai Langres
19%
1er mai 1566 Paris
19%
20 novembre - 1er décembre Tours
19%
1er - 3 | 7 - 10 septembre Saintes
18%
14 - 19 septembre Montélimar
17%
6 - 14 décembre Blois
16%
31 mars - 3 avril Clermont
16%
21 août - 1er septembre Cognac
14%
5 - 7 novembre Angers
13%
22 décembre 1565 - 23 mars 1566 Moulins
12%
16 octobre - 3 novembre Châteaubriant
11%
7 - 11 décembre Tarascon
11%
28 juillet - 1er août Nérac
10%
3 - 7 septembre Marennes
7%
17 juillet - 15 août Roussillon
6%
10 - 16 avril La Charité sur Loire
2%
4 - 8 août Lauzun
2%
Aucun quiz correspondant
Distribution des résultats
% des personnes avec chaque résultat
Percentile par nombre de réponses
Votre historique - résultats
Vous n’avez pas pris ce quiz